মিশরীয় মিথলজি আদি থেকে অন্ত / (Record no. 13163)
[ view plain ]
| 000 -LEADER | |
|---|---|
| fixed length control field | 00847nam a2200229 a 4500 |
| 001 - CONTROL NUMBER | |
| JCCL Control Number | 13163 |
| 003 - CONTROL NUMBER IDENTIFIER | |
| JCCL marc code | BD-JhCC |
| 005 - DATE AND TIME OF LATEST TRANSACTION | |
| control field | 20230716091521.0 |
| 008 - FIXED-LENGTH DATA ELEMENTS--GENERAL INFORMATION | |
| fixed length control field | 230716s20212022bg a|||| |||| 000 0 ben d |
| 020 ## - INTERNATIONAL STANDARD BOOK NUMBER | |
| International Standard Book Number | 9789849562405 |
| 035 ## - SYSTEM CONTROL NUMBER | |
| system control number | (BD-JhCC)13163 |
| 040 ## - CATALOGING SOURCE | |
| Original cataloging agency | BD-JhCC |
| Modifying agency | BD-JhCC |
| 041 ## - LANGUAGE CODE | |
| Language code of Book | ben |
| 082 ## - DEWEY DECIMAL CLASSIFICATION NUMBER | |
| Classification number | 299.31 |
| Author mark and Year | MAO 2022 |
| 100 ## - MAIN ENTRY--PERSONAL NAME | |
| Personal name | মাওলা, এস এম নিয়াজ |
| 245 ## - TITLE STATEMENT | |
| Title | মিশরীয় মিথলজি আদি থেকে অন্ত / |
| Statement of responsibility, etc | এস এম নিয়াজ মাওলা |
| 260 ## - PUBLICATION, DISTRIBUTION, ETC. (IMPRINT) | |
| Place of publication, distribution, etc | ঢাকা : |
| Name of publisher, distributor, etc | জাগৃতি প্রকাশনী, |
| Date of publication, distribution, etc | ২০২২ |
| 300 ## - PHYSICAL DESCRIPTION | |
| Pagination | ৭৫২ পৃ. : |
| Other physical details | চিত্রাবলী, |
| Dimensions | ২৪ সেমি. |
| 504 ## - BIBLIOGRAPHY, ETC. NOTE | |
| Bibliography, etc | গ্রন্থপঞ্জি সংযোজিত। |
| 650 ## - SUBJECT ADDED ENTRY--TOPICAL TERM | |
| Topical term or geographic name as entry element | Mythology |
| Geographic subdivision | Egyptian |
| 942 ## - ADDED ENTRY ELEMENTS (KOHA) | |
| Source of classification or shelving scheme | Dewey Decimal Classification |
| Koha item type | Books |
| Source of classification or shelving scheme | Damaged status | Not for loan | Home library | Current library | Shelving location | Date of accession | Cost, normal purchase price | Total Checkouts | Full call number | Barcode | Date last seen | Date checked out | Copy number | Method of acquisition | Koha item type | Currency |
|---|---|---|---|---|---|---|---|---|---|---|---|---|---|---|---|---|
| Dewey Decimal Classification | JCC Rouf Library | JCC Rouf Library | General Stacks | 06/23/2023 | 1152.00 | 2 | 299.31 MAO 2022 | 18093 | 11/10/2024 | 11/03/2024 | C-1 | Purchase | Books | BDT |